00755nam a2200217 i 4500003000900000005001700009007000300026008004100029020001500070040003000085082001300115100003300128245013200161250001800293264006700311300003900378336002700417337003400444338002800478504003100506DO-SdBNP20240923101835.0ta240923s1993 sp d 000 0 spa d a9284401321 aDO-SdBNPbspacBNPHUerda bM4782221 4autaMclntyre, Georgeeautor10aDesarrollo turístico sostenible :bguía para planificadores locales /cGeorge Mclntyre, Arlene Hetherington, Edward Inskeep a1a. edición 1aMadrid, España :bOrganización Mundial del Turismo,c1993. a234 páginas, bgraficasc24 cm. 2rdacontentatextobtxt 2rdamediaasin mediación bn 2rdacarrieravolumenbnc aBibliografía p: 233-234.